|
|
|
|
| LEADER |
00000nam a2200000 a 4500 |
| 001 |
vtls001514992 |
| 003 |
SK-MaSNL |
| 005 |
20260302073827.0 |
| 008 |
240226s1574 gw a lat |
| 015 |
|
|
|a SNBHFA
|
| 020 |
|
|
|q (viaz.)
|
| 035 |
|
|
|a EF34E301-3BCB-403F-9CF6-B9400D8501D4
|
| 035 |
|
|
|a urn:nbn:sk:snk-amtfx0
|
| 035 |
|
|
|a urn:nbn:sk:snk-am00c9ix
|
| 040 |
|
|
|a SNKHF
|b slo
|c SNK
|e AACR2
|
| 041 |
|
|
|a lat
|
| 044 |
|
|
|a gw
|c DE
|
| 100 |
1 |
|
|a Surius, Laurentius,
|d 1522-1578
|4 aut
|9 53054
|
| 245 |
1 |
0 |
|a Commentarivs Brevis Rervm In Orbe Gestarvm
|b Ab Anno Salvtis M.D. Vsqve In Annvm M.D.LXXIIII. Ex Optimis quibusque Scriptoribus congestus, & nunc recèns non parùm auctus & locupletatus
|c Per F. Lavrentivm Svrivm Carthvsianvm. Cum Indice copiosissimo. Cum gratia & priuilegio Imperiali in decennium
|
| 260 |
|
|
|a Coloniae
|b Apud Geruinum Calenius, & haeredes Ioannis Quentelij
|c Anno M.D.LXXIIII. [1574]
|
| 300 |
|
|
|a [80], 838, [1] str.
|c 17 cm
|
| 500 |
|
|
|a Signet, vineta, iniciálky s ornamentálnym a figurálnym pozadím vo voľnom priestore na 5, 7, 17 r., marginálie, rukopisné marginálie a poznámky v latinčine k textu, kustódy
|
| 508 |
|
|
|a Venovanie autora rýnskemu palatínovi Albertovi. Venovanie čitateľom Theodericusa aus Herzogenbusch
|
| 510 |
4 |
|
|a VD 16 S/10246
|
| 561 |
|
|
|a [...] M. Johannis Schmick? Diaconus [...] 1595 mensis Februaris [...]
|
| 561 |
|
|
|a Z knižnice Antona Augustína Baníka.
|5 SNK ID 99395
|
| 563 |
|
|
|a Väzba pôvodná, renesančná, bledohnedá koža s ornamentálnou a figurálnou slepotlačou, poškodená, stopy po šnúrkach
|
| 700 |
1 |
|
|a Surius, Laurentius,
|d 1522-1578
|4 dto
|9 53054
|
| 700 |
0 |
|
|a Theodericus aus Herzogenbusch,
|d 16. storočie
|4 dto
|9 72018
|
| 700 |
0 |
|
|a Albert,
|c rýnsky palatín, bavorské knieža
|4 hnr
|9 483416
|
| 710 |
0 |
|
|a Calenius, Gerwin et Quentel, Johann - dedičia (Kolín nad Rýnom, Nemecko)
|4 prt
|9 562711
|
| 752 |
|
|
|a Nemecko
|d Köln
|
| 852 |
|
|
|a snk
|b Baníkova knižnica
|p ID 99395
|
| 958 |
|
|
|a ONDV
|
| 999 |
|
|
|c 1162586
|d 1164516
|
| 952 |
|
|
|t Bk 15
|a SNK
|b SNK
|c SNK_HF
|y PREZ
|7 0
|p 17A1129156
|o snkID 99395
|i snk2016/23769
|8 5
|0 0
|1 0
|4 0
|d 2005-04-05
|f 1
|l 0
|r 2005-04-05 00:00:00
|w 2026-02-24
|